<?xml version="1.0" encoding="UTF-8"?><?xml-stylesheet type="text/xsl" href="static/style.xsl"?><OAI-PMH xmlns="http://www.openarchives.org/OAI/2.0/" xmlns:xsi="http://www.w3.org/2001/XMLSchema-instance" xsi:schemaLocation="http://www.openarchives.org/OAI/2.0/ http://www.openarchives.org/OAI/2.0/OAI-PMH.xsd"><responseDate>2026-04-17T03:16:26Z</responseDate><request verb="GetRecord" identifier="oai:www.recercat.cat:2072/480420" metadataPrefix="marc">https://recercat.cat/oai/request</request><GetRecord><record><header><identifier>oai:recercat.cat:2072/480420</identifier><datestamp>2025-04-03T11:40:46Z</datestamp><setSpec>com_2072_98</setSpec><setSpec>col_2072_378192</setSpec></header><metadata><record xmlns="http://www.loc.gov/MARC21/slim" xmlns:dcterms="http://purl.org/dc/terms/" xmlns:xsi="http://www.w3.org/2001/XMLSchema-instance" xmlns:doc="http://www.lyncode.com/xoai" xsi:schemaLocation="http://www.loc.gov/MARC21/slim http://www.loc.gov/standards/marcxml/schema/MARC21slim.xsd">
   <leader>00925njm 22002777a 4500</leader>
   <datafield ind2=" " ind1=" " tag="042">
      <subfield code="a">dc</subfield>
   </datafield>
   <datafield ind2=" " ind1=" " tag="720">
      <subfield code="a">Iniesta Arandia, Irene</subfield>
      <subfield code="e">author</subfield>
   </datafield>
   <datafield ind2=" " ind1=" " tag="720">
      <subfield code="a">Quintas-Soriano, Cristina</subfield>
      <subfield code="e">author</subfield>
   </datafield>
   <datafield ind2=" " ind1=" " tag="720">
      <subfield code="a">García-Nieto, Ana Paula</subfield>
      <subfield code="e">author</subfield>
   </datafield>
   <datafield ind2=" " ind1=" " tag="720">
      <subfield code="a">Hevia, Violeta</subfield>
      <subfield code="e">author</subfield>
   </datafield>
   <datafield ind2=" " ind1=" " tag="720">
      <subfield code="a">Díaz-Reviriego, Isabel</subfield>
      <subfield code="e">author</subfield>
   </datafield>
   <datafield ind2=" " ind1=" " tag="720">
      <subfield code="a">García-Llorente, Marina</subfield>
      <subfield code="e">author</subfield>
   </datafield>
   <datafield ind2=" " ind1=" " tag="720">
      <subfield code="a">Oteros-Rozas, Elisa</subfield>
      <subfield code="e">author</subfield>
   </datafield>
   <datafield ind2=" " ind1=" " tag="720">
      <subfield code="a">Ravera, Federica</subfield>
      <subfield code="e">author</subfield>
   </datafield>
   <datafield ind2=" " ind1=" " tag="720">
      <subfield code="a">Piñeiro, Concepción</subfield>
      <subfield code="e">author</subfield>
   </datafield>
   <datafield ind2=" " ind1=" " tag="720">
      <subfield code="a">Mingorría, Sara</subfield>
      <subfield code="e">author</subfield>
   </datafield>
   <datafield ind2=" " ind1=" " tag="260">
      <subfield code="c">2020</subfield>
   </datafield>
   <datafield ind2=" " ind1=" " tag="520">
      <subfield code="a">Unidad de excelencia María de Maeztu CEX2019-000940-M</subfield>
   </datafield>
   <datafield ind2=" " ind1=" " tag="520">
      <subfield code="a">La influencia y legitimidad social del conocimiento científico están decreciendo globalmente. Una de las razones es la falta de interacción y comunicación entre los ámbitos de la ciencia, la gestión y las poblaciones locales o la sociedad en su conjunto. En los ámbitos de las políticas de sostenibilidad y la crisis socioecológica global, esto repercute en la toma de decisiones y en la implementación de políticas públicas. En este marco, han surgido otros modelos de investigación-acción que promueven diálogos entre sociedad, ciencia y gestión y plantean nuevos escenarios donde personas de diferentes ámbitos y con distintos perfiles colaboran en la producción, intercambio y aplicación de conocimientos. A pesar de ello, persisten las dificultades en los procesos de comunicación y construcción de conocimientos colectivos. En este artículo planteamos cómo las propuestas desde los estudios feministas y poscoloniales de la ciencia pueden ayudar a abordar desde otro ángulo los problemas encontrados en estos contextos. Además, ilustramos estas propuestas con un caso de estudio donde existen diferentes interacciones entre personal investigador y gestor y/o sociedad general: la Plataforma Intergubernamental sobre Biodiversidad y Servicios de los Ecosistemas (IPBES). Finalmente, discutimos cómo las propuestas desde los estudios feministas y poscoloniales de la ciencia, con su acento en las subjetividades y las dinámicas de poder en los procesos de producción del conocimiento, pueden ayudar al diseño de interfaces ciencia-gestión-sociedad que sean efectivas, legítimas y contribuyan a la coproducción de conocimientos.</subfield>
   </datafield>
   <datafield ind2=" " ind1=" " tag="520">
      <subfield code="a">The influence and social legitimacy of scientific knowledge are decreasing globally. One of the reasons is the lack of interaction and communication between the fields of research, management and local populations or society more broadly. In the contexts of sustainability policies and the global socio-ecological crisis, this has an impact on decision-making and the implementation of public policies. In this context, other action research models have emerged that promote a dialogue between society, science and policy and propose new scenarios where people from different fields and with different profiles collaborate in the production, exchange and application of knowledge. Despite this, difficulties in communication and collective knowledge building processes persist. In this article, we propose how the perspectives from feminist and postcolonial studies of science can help to address the problems found in these contexts from another angle. In addition, we illustrate these perspectives with a case study where there are different interactions between research and management personnel and / or the general public: The Intergovernmental Platform on Biodiversity and Ecosystem Services (IPBES). Finally, we discuss how perspectives from feminist and postcolonial studies of science, with their emphasis on subjectivities, power dynamics and processes of knowledge production, can help design science-policy-society interfaces that are effective, legitimate and contribute to the co-production of knowledge.</subfield>
   </datafield>
   <datafield tag="653" ind2=" " ind1=" ">
      <subfield code="a">Estudios feministas</subfield>
   </datafield>
   <datafield tag="653" ind2=" " ind1=" ">
      <subfield code="a">Interfaces ciencia-gestión-sociedad</subfield>
   </datafield>
   <datafield tag="653" ind2=" " ind1=" ">
      <subfield code="a">Gobernanza ambiental</subfield>
   </datafield>
   <datafield tag="653" ind2=" " ind1=" ">
      <subfield code="a">IPBES</subfield>
   </datafield>
   <datafield tag="653" ind2=" " ind1=" ">
      <subfield code="a">Sistemas socio-ecológicos</subfield>
   </datafield>
   <datafield tag="653" ind2=" " ind1=" ">
      <subfield code="a">Sostenibilidad</subfield>
   </datafield>
   <datafield tag="653" ind2=" " ind1=" ">
      <subfield code="a">Environmental governance</subfield>
   </datafield>
   <datafield tag="653" ind2=" " ind1=" ">
      <subfield code="a">Feminist studies</subfield>
   </datafield>
   <datafield tag="653" ind2=" " ind1=" ">
      <subfield code="a">IPBES</subfield>
   </datafield>
   <datafield tag="653" ind2=" " ind1=" ">
      <subfield code="a">Science-policy-society interfaces</subfield>
   </datafield>
   <datafield tag="653" ind2=" " ind1=" ">
      <subfield code="a">Socio-ecological systems</subfield>
   </datafield>
   <datafield tag="653" ind2=" " ind1=" ">
      <subfield code="a">Sustainability</subfield>
   </datafield>
   <datafield ind2="0" ind1="0" tag="245">
      <subfield code="a">¿Cómo pueden contribuir los estudios feministas y poscoloniales de la ciencia a la coproducción de conocimientos? Reflexiones sobre IPBES</subfield>
   </datafield>
</record></metadata></record></GetRecord></OAI-PMH>